| 000 | 00540cam a2200205ua 4500 | ||
|---|---|---|---|
| 003 | OSt | ||
| 008 | 240223b |||||||| |||| 00| 0 eng d | ||
| 041 | _aeng | ||
| 082 |
_a631.44 _bACI/MA |
||
| 100 |
_aMahapatra, I C . _96102 |
||
| 245 | _aAcid soils of India / | ||
| 250 | _a1 / | ||
| 260 |
_aNew Delhi : _bIndian Council for Agricultural Research , _c1997. |
||
| 300 | _a270 ; . | ||
| 700 | 1 |
_aMandal, S C . _96103 |
|
| 700 | 1 |
_aMisra, C . _96104 |
|
| 700 | 1 |
_aMitra, G N . _96105 |
|
| 700 | 1 |
_aPanda, N . _96106 |
|
| 942 | _cBK | ||
| 999 |
_c11189 _d11189 |
||